000
00304nam a22001337a 4500
008
170922b xxu||||| |||| 00| 0 eng d
020
_a
9780312075293
041
_a
eng
080
_2
4TH
_a
37
100
_a
46
101
_a
EDU
245
_a
THE BEDFORD HANDBOOK FOR WRITERS
_c
HACKER,D
942
_2
udc
_c
BK
999
_c
28972
_d
28972